Genghis Khan and the making of the modern world / (Record no. 2720)

MARC details
000 -LEADER
fixed length control field 02103cam a2200469 i 4500
001 - CONTROL NUMBER
control field 2720
003 - CONTROL NUMBER IDENTIFIER
control field FISKH
005 - DATE AND TIME OF LATEST TRANSACTION
control field 20240111095731.0
008 - FIXED-LENGTH DATA ELEMENTS--GENERAL INFORMATION
fixed length control field 190116s2012 nyuab b 001 0beng
010 ## - LIBRARY OF CONGRESS CONTROL NUMBER
LC control number 2018434162
020 ## - INTERNATIONAL STANDARD BOOK NUMBER
International Standard Book Number 9780609809648
Qualifying information (hbk.)
020 ## - INTERNATIONAL STANDARD BOOK NUMBER
International Standard Book Number 0609809644
Qualifying information (hbk.)
035 ## - SYSTEM CONTROL NUMBER
System control number (OCoLC)ocn897820558
040 ## - CATALOGING SOURCE
Original cataloging agency WYU
Language of cataloging eng
Description conventions rda
Transcribing agency WYU
Modifying agency OCLCO
-- HMY
-- OCLCA
-- DLC
042 ## - AUTHENTICATION CODE
Authentication code lccopycat
-- pcc
043 ## - GEOGRAPHIC AREA CODE
Geographic area code a-mp---
050 00 - LIBRARY OF CONGRESS CALL NUMBER
Classification number DS22.G45
Item number W43 2012
082 ## - DEWEY DECIMAL CLASSIFICATION NUMBER
Classification number 950.21092
100 1# - MAIN ENTRY--PERSONAL NAME
Personal name Weatherford, Jack
Dates associated with a name 1946-
Relator term author.
245 10 - TITLE STATEMENT
Title Genghis Khan and the making of the modern world /
Statement of responsibility, etc. Jack Weatherford.
264 #1 - PRODUCTION, PUBLICATION, DISTRIBUTION, MANUFACTURE, AND COPYRIGHT NOTICE
Place of production, publication, distribution, manufacture New York :
Name of producer, publisher, distributor, manufacturer Three Rivers Press,
Date of production, publication, distribution, manufacture, or copyright notice 2012
264 #4 - PRODUCTION, PUBLICATION, DISTRIBUTION, MANUFACTURE, AND COPYRIGHT NOTICE
Date of production, publication, distribution, manufacture, or copyright notice 2012
300 ## - PHYSICAL DESCRIPTION
Extent xxxv, 312 pages :
Other physical details illustrations, maps ;
Dimensions 26 cm
336 ## - CONTENT TYPE
Content type term text
Content type code txt
Source rdacontent
337 ## - MEDIA TYPE
Media type term unmediated
Media type code n
Source rdamedia
338 ## - CARRIER TYPE
Carrier type term volume
Carrier type code nc
Source rdacarrier
500 ## - GENERAL NOTE
General note Originally published: New York : Crown, ©2004.
504 ## - BIBLIOGRAPHY, ETC. NOTE
Bibliography, etc. note Includes bibliographical references (pages 293-300) and index.
520 ## - SUMMARY, ETC.
Summary, etc. A re-evaluation of Genghis Khan's rise to power examines the reforms the conqueror instituted throughout his empire and his uniting of East and West, which set the foundation for the nation-states and economic systems of the modern era.
600 00 - SUBJECT ADDED ENTRY--PERSONAL NAME
Personal name Genghis Khan,
Dates associated with a name 1162-1227.
600 07 - SUBJECT ADDED ENTRY--PERSONAL NAME
Personal name Genghis Khan,
Dates associated with a name 1162-1227.
Source of heading or term fast
Authority record control number or standard number (OCoLC)fst00087611
650 #0 - SUBJECT ADDED ENTRY--TOPICAL TERM
Topical term or geographic name entry element Mongols
General subdivision Kings and rulers
Form subdivision Biography.
650 #0 - SUBJECT ADDED ENTRY--TOPICAL TERM
Topical term or geographic name entry element Mongols
General subdivision History.
650 #7 - SUBJECT ADDED ENTRY--TOPICAL TERM
Topical term or geographic name entry element Mongols.
Source of heading or term fast
Authority record control number or standard number (OCoLC)fst01025421
650 #7 - SUBJECT ADDED ENTRY--TOPICAL TERM
Topical term or geographic name entry element Mongols
General subdivision Kings and rulers.
Source of heading or term fast
Authority record control number or standard number (OCoLC)fst01025427
655 #7 - INDEX TERM--GENRE/FORM
Genre/form data or focus term Biography.
Source of term fast
Authority record control number or standard number (OCoLC)fst01423686
655 #7 - INDEX TERM--GENRE/FORM
Genre/form data or focus term History.
Source of term fast
Authority record control number or standard number (OCoLC)fst01411628
775 08 - OTHER EDITION ENTRY
Main entry heading Weatherford, J. McIver.
Title Genghis Khan and the making of the modern world.
Edition 1st ed.
Place, publisher, and date of publication New York : Crown, ©2004
International Standard Book Number 0609610627
Record control number (DLC) 2003020659
-- (OCoLC)53045282
906 ## - LOCAL DATA ELEMENT F, LDF (RLIN)
a 7
b cbc
c copycat
d 2
e ncip
f 20
g y-nonroman
942 ## - ADDED ENTRY ELEMENTS (KOHA)
Source of classification or shelving scheme Dewey Decimal Classification
Koha item type Books
Suppress in OPAC No
Holdings
Withdrawn status Lost status Source of classification or shelving scheme Damaged status Not for loan Collection Home library Current library Shelving location Date acquired Total Checkouts Full call number Barcode Date last seen Price effective from Koha item type
    Library of Congress Classification     Non-Fiction Footprints International School Library Network Toul Kork Campus Footprints International School Library Network Toul Kork Campus   01/11/2024   WEA 950.21092 DS22.G45 2024-0013 01/11/2024 01/11/2024 Books